Comedias

Saved in:
Bibliographic Details
Main Author: Terencio Afro, Publio (Author)
Format: Book
Language:Spanish
Published: Barcelona Iberia 1961
Series:Obras Maestras
Subjects:
Tags: Add Tag
No Tags, Be the first to tag this record!

MARC

LEADER 00000cam a2200000 a 4500
001 UCO5532
003 CL-VaPUC
008 000908e19610000SP |||||||||||||||||spa|d
082 0 4 |a 872  |b TER  |2 21 
100 0 |a Terencio Afro, Publio  |e author  |9 450234 
245 1 0 |a Comedias 
246 1 0 |a Andria 
246 1 3 |a El verdugo de sí mismo 
246 1 3 |a El eunuco 
246 1 0 |a Formión 
246 1 3 |a La hecyra 
246 1 4 |a Los hermanos 
300 |a 317 p 
942 |c BK 
945 |d 20000908 00:00:00  |a crobeson 
260 |a Barcelona  |b Iberia  |c 1961 
650 7 |a COMEDIAS LATINAS  |2 CL-VaPUC  |9 265079 
650 0 |a Literatura latina   |9 258055 
583 |a last modification  |c 20130822 06:24:25  |k Rodrigo Vera 
490 0 |a Obras Maestras 
999 |c 291389  |d 291387 
952 |0 0  |1 0  |4 0  |6 872_000000000000000_TER_1961  |7 0  |8 A  |9 341220  |a BIBART  |b BIBART  |d 2019-11-20  |i 122137K  |o 872 TER 1961  |p 122137K  |r 2025-03-13  |w 2019-11-20  |y BK  |k ART 
952 |0 0  |1 0  |3 erb  |4 0  |6 872_000000000000000_TER_1961  |7 0  |8 A  |9 341221  |a BIBEDU  |b BIBEDU  |d 2019-11-20  |i 4997425  |o 872 TER 1961  |p 4997425  |r 2019-11-20  |w 2019-11-20  |y BK  |z Catalogado en:20130829  |k LIT